000 00214 a2200097 4500
001 2387
100 _aSears,WR
245 _aGeneral Theory of High speed Aerodynamics
260 _a
_bOxford
_c
090 _c1735
_d1735
942 _aNUST-CAE
_cM
_c8169
999 _c237460
_d237460